Normal view
MARC view
- Escuelas
Entry Materia
001 - NÚMERO DE CONTROL DEL REGISTRO
- campo de control: 14991
003 - IDENTIFICADOR DE NUMERO DE CONTROL
- campo de control: MX-MxUPN
005 - FECHA Y HORA DE LA ÚLTIMA TRANSACCIÓN
- campo de control: 20240827150659.0
008 - DATOS DE LONGITUD FIJA
- campo de control de longitud fija: 240827nn|acnnnbabn n ana |d
035 ## - NÚMERO DE CONTROL DEL SISTEMA
- Número de control del sistema: UPN10000014999
040 ## - FUENTE DE LA CATALOGACIÓN
- Lengua de catalogación: spa
- Agencia de transcripción: MX-MxUPN
- Centro catalogador de origen: MX-MxUPN
150 ## - ENCABEZAMIENTO - TEMÁTICO
- Término de materia o nombre geográfico como elemento inicial: Escuelas
- Subdivisión de materia general: Dirección y organización
- Subdivisión geográfica: Francia
670 ## - FUENTE EN LA QUE SE LOCALIZARON DATOS
- Cita de la fuente: Autoridades BGTQ, 27 agosto 2024 :
- Información localizada: (Escuelas -- Dirección y organización -- Francia)
902 ## - CATALOGADOR
- Catalogador: MMA/190198
- Catalogador: MaríaRobles/270824
